Student's role in the Pakistan movement / (Record no. 129660)

MARC details
000 -LEADER
fixed length control field 00721nam a22002417a 4500
005 - DATE AND TIME OF LATEST TRANSACTION
control field 20170124110100.0
010 ## - LIBRARY OF CONGRESS CONTROL NUMBER
LC control number 985696
020 ## - INTERNATIONAL STANDARD BOOK NUMBER
Terms of availability 45.00
035 ## - SYSTEM CONTROL NUMBER
System control number 985696
037 ## - SOURCE OF ACQUISITION
Source of stock number/acquisition Cen Lib/Ret
040 ## - CATALOGING SOURCE
Original cataloging agency DPL
Language of cataloging EN
082 ## - DEWEY DECIMAL CLASSIFICATION NUMBER
Classification number 954.7
Item number MUK
100 ## - MAIN ENTRY--PERSONAL NAME
Personal name Mukhtar Zaman
9 (RLIN) 27051
245 ## - TITLE STATEMENT
Title Student's role in the Pakistan movement /
Statement of responsibility, etc by Mukhtar Zaman
260 ## - PUBLICATION, DISTRIBUTION, ETC. (IMPRINT)
Name of publisher, distributor, etc Quaid-I-Azam Academy
Place of publication, distribution, etc Pakistan
Date of publication, distribution, etc 1978
270 ## - ADDRESS
Address P.O.Box 894
City Karachi
300 ## - PHYSICAL DESCRIPTION
Extent xiii,242p.
Dimensions 21cm(Hb)
490 ## - SERIES STATEMENT
Series statement Historical studies Pakistan - 1
500 ## - GENERAL NOTE
General note Includes index
650 ## - SUBJECT ADDED ENTRY--TOPICAL TERM
Topical term or geographic name as entry element Pakistan movement
9 (RLIN) 104372
650 ## - SUBJECT ADDED ENTRY--TOPICAL TERM
Topical term or geographic name as entry element Muslim students -- Political activity -- India
9 (RLIN) 27053
942 ## - ADDED ENTRY ELEMENTS (KOHA)
Source of classification or shelving scheme Dewey Decimal Classification
Koha item type English Books
Classification part 954.7
Call number suffix MUK
Holdings
Withdrawn status Lost status Damaged status Not for loan Home library Current library Date acquired Source of acquisition Cost, normal purchase price Total Checkouts Full call number Barcode Date last seen Copy number Cost, replacement price Price effective from Koha item type
        Central Library Central Library 07/07/2015 Cen Lib/Ret 45.00   954.7 MUK 985696 07/07/2015 1 45.00 07/07/2015 English Books

© Delhi Public Library
Hit Counter
free hit counter